000 00553nam a22002417a 4500
003 UA-OsUOA
001 26221
007 ta
008 20040524b un ||||| |||| 00| 0 ukr d
100 _aВоробьёв Г.Г.
090 _a17
_bВ75
942 _cBK
040 _aUA-OsUOA
_brus
_cUA-OsUOA
_dUA-OsUOA
245 _aЧеловек-человек
300 _a191 с.
955 _a0
041 _arus
080 _a17
260 _aМосква
_bМолодая гвардия
_c1979
044 _aRU
650 7 _2UDC
999 _c312537
_d312537